000
00305nam a2200109Ia 4500
008
220214s9999 xx 000 0 und d
245
0
_a
March of India
260
_b
March of India Publications
_a
New delhi
500
_a
Ending Volume & Year: 15, 1963
500
_a
Starting Volume & Year: 11, 1959
942
_c
BJ
999
_c
324
_d
324